Lateinische Sprüche und Latein im Alltag - Statistiken

Allgemein
  • Dieses Quiz wurde 68 mal gespielt
  • Das Durchschnittsergebnis liegt bei 10 aus 20
Antwortstatistiken
Satz, Zitat, Ausdruck Übersetzung % Korrekt
et cetera und so weiter
81%
circa ungefähr
81%
Veni, vidi, vici Ich kam, sah und siegte
78%
Carpe diem Nutze den Tag
76%
versus gegen
74%
Cogito, ergo sum Ich denke, also bin ich
64%
Errare humanum est Irren ist menschlich
64%
Alea iacta est Die Würfel sind gefallen
62%
Veto Widerspruch
60%
Curriculum vitae Lebenslauf
59%
mea culpa Meine Schuld
52%
minimum am wenigsten
43%
status quo der aktuelle Zustand
34%
anno domini im Jahr des Herrn
33%
Pecunia non olet Geld stinkt nicht
22%
de facto tatsächlich
19%
post scriptum (PS) nachgeschrieben
17%
dominus vobiscum der Herr sei mit euch
16%
Raptor Räuber
14%
Ceterum censeo Carthaginem esse delendam Im übrigen bin ich der Meinung, dass Karthago zerstört werden muss
7%
Keine übereinstimmenden Quizze gefunden
Verteilung der Resultate
Anzahl Personen mit jedem Resultat
Perzentil nach korrekt beantworteten Fragen
Ihre Resultats-Entwicklung
Sie haben dieses Quiz noch nicht gespielt